书目信息 |
| 题名: |
最优化方法及其Matlab程序设计
|
|
| 作者: | 马昌凤 编著 | |
| 分册: | ||
| 出版信息: | 北京 科学出版社 2010 |
|
| 页数: | 226页 | |
| 开本: | 24cm | |
| 丛书名: | ||
| 单 册: | ||
| 中图分类: | O242.23 | |
| 科图分类: | ||
| 主题词: | 最优化算法--计算机辅助计算--软件包--高等学校--教材 , 最优化算法 , 计算机辅助计算 | |
| 电子资源: | ||
| ISBN: | 978-7-03-028921-6 | |
| 000 | 01057nam0 2200289 45 | |
| 001 | 1132135624 | |
| 005 | 20110315110546.26 | |
| 010 | @a978-7-03-028921-6@dCNY32.00 | |
| 100 | @a20110108d2010 ekmy0chiy0120 ea | |
| 101 | 0 | @achi |
| 102 | @aCN@b110000 | |
| 105 | @ay z 000yy | |
| 106 | @ar | |
| 200 | 1 | @a最优化方法及其Matlab程序设计@AZui You Hua Fang Fa Ji Qi Matlab Cheng Xu She Ji@f马昌凤编著@FMa Chang Feng Bian Zhu |
| 210 | @a北京@c科学出版社@d2010 | |
| 215 | @a226页@d24cm@e附光盘1片 | |
| 300 | @a21世纪高等院校教材 | |
| 307 | @a附光盘:ISBN 978-7-89445-190-3 | |
| 330 | @a本书较为系统地介绍了非线性最优化问题的基本理论和算法及其主要算法的Matlab程序设计.主要内容包括(精确或非精确),线搜索技术,最速下降法与(修正)牛顿法,共轭梯度法,拟牛顿法,信赖域方法等。 | |
| 606 | 0 | @a最优化算法@x计算机辅助计算@x软件包@x高等学校@j教材 |
| 606 | 0 | @a最优化算法 |
| 606 | 0 | @a计算机辅助计算 |
| 610 | 0 | @aMATLAB |
| 690 | @aO242.23@v4 | |
| 701 | 0 | @a马昌凤@AMa Chang Feng@4编著 |
| 801 | 0 | @aCN@bTANGWEI@c20110315 |
| 905 | @b0533030-34@dO242.23@e36@f5 | |
| 最优化方法及其Matlab程序设计/马昌凤编著.-北京:科学出版社,2010 |
| 226页;24cm+附光盘1片 |
| 21世纪高等院校教材 |
| ISBN 978-7-03-028921-6:CNY32.00 |
| 本书较为系统地介绍了非线性最优化问题的基本理论和算法及其主要算法的Matlab程序设计.主要内容包括(精确或非精确),线搜索技术,最速下降法与(修正)牛顿法,共轭梯度法,拟牛顿法,信赖域方法等。 |
| ● |
| 相关链接 |
|
|
|
|
正题名:最优化方法及其Matlab程序设计
索取号:O242.23/36
 
预约/预借
| 序号 | 登录号 | 条形码 | 馆藏地/架位号 | 状态 | 备注 |
| 1 | 0533030 | 205330300 | 第二样本阅览室/ [索取号:O242.23/36] | 在馆 | |
| 2 | 0533031 | 205330319 | 第三借阅区/ [索取号:O242.23/36] | 在馆 | |
| 3 | 0533032 | 205330328 | 第三借阅区/ [索取号:O242.23/36] | 在馆 | |
| 4 | 0533033 | 205330337 | 第三借阅区/ [索取号:O242.23/36] | 在馆 | |
| 5 | 0533034 | 205330346 | 第三借阅区/ [索取号:O242.23/36] | 在馆 |